000 00405nam a22001697a 4500
005 20160530123411.0
008 160530b xxu||||| |||| 00| 0 eng d
020 _a0-07-058773-6
041 _aeng
082 _b6056
100 _aHatch Denny & Jackson Don
_91523
245 _aDirect Marketing Success
260 _aNew Delhi
_bPHI,
_c2004
300 _a348
650 _aManagement
_9241
942 _cBK
999 _c2151
_d2150